| 000 | 01847ngm a2200373 4500 | ||
|---|---|---|---|
| 003 | dpl | ||
| 005 | 20100315153756.0 | ||
| 007 | DVD | ||
| 008 | ||||||sp199 xxu|||||c ||| 00| 0 ng d | ||
| 010 | _aDVD-006775-6778 | ||
| 024 | _c99.00 | ||
| 035 | _aDVD-006775-6777 | ||
| 040 |
_aDPL _cDPL |
||
| 082 | _aDVD SAAT | ||
| 245 |
_aSaathiya _cKaleidoscope Entertainment Pvt. Ltd. Presents _h[videorecording] DVD/ |
||
| 260 | _bYash Raj Films Home Entertainment | ||
| 300 |
_a1 videodisc DVD; _bsd., col. ; _c4 3/4 in. _fDVD |
||
| 440 | _aYash Raj Home Entertainment | ||
| 538 | _aDolby Digital 5.1 - Hindi Subtitles: English, Tamil, Telugu, Kannada, Malayalam | ||
| 650 | _aMotion Picture | ||
| 700 | _aBedi, Boddy | ||
| 700 | _aShaad Ali | ||
| 700 | _aRehman, A.R. | ||
| 700 | _aMehta, Anil | ||
| 700 | _aMukherji, Rani | ||
| 700 | _aOberoi, Vivek | ||
| 700 | _aSaxena, Sarat | ||
| 942 |
_cCF _2ddc _hDVD _mSAAT |
||
| 999 |
_c34696 _d34696 |
||